[Event "Online Olym Div4 B 2020"]
[Site "chess.com INT"]
[Date "2020.07.31"]
[Round "3.1"]
[Board "3"]
[White "Uwase, Joselyne"]
[Black "Mentile, Lishen"]
[Result "1/2-1/2"]
[WhiteTitle "WFM"]
[BlackTitle "WCM"]
[WhiteElo "1553"]
[BlackElo "1513"]
[WhiteTeam "Rwanda"]
[BlackTeam "Namibia"]
[WhiteFideId "16000676"]
[BlackFideId "15200477"]
[EventDate "2020.07.31"]
[EventType "team"]

1. e4 d5 2. exd5 Qxd5 3. Nc3 Qa5 4. a3 Nf6 5. b4 Qb6 6. d3 c6 7. Be3 Qc7 8. g3
Bg4 9. Be2 Bf5 10. Bf3 Nbd7 11. Nge2 e6 12. Nd4 Bh3 13. Nce2 Bd6 14. Ng1 Bf5 15.
Nxf5 exf5 16. Ne2 O-O 17. O-O Ne5 18. Bg2 Neg4 19. Bf4 Bxf4 20. Nxf4 Rad8 21.
Bh3 Qb6 22. Qf3 Ne5 23. Qe3 Qxe3 24. fxe3 Neg4 25. Bxg4 Nxg4 26. Ng2 g6 27. h3
Ne5 28. Nf4 Rfe8 29. Ng2 Rd7 30. Rae1 Rde7 31. Rf2 Nd7 32. Rfe2 Nf6 33. Kf2 Kg7
34. Kf3 Nd5 35. Rd2 Nc3 36. d4 Kf6 37. Rd3 Ne4 38. Nf4 Ng5+ 39. Kg2 Kg7 40. d5
cxd5 41. Nxd5 Rd7 42. Nf6 Rxd3 43. Nxe8+ Kf8 44. cxd3 Kxe8 45. d4 Kd7 46. h4 Ne4
47. Kf3 Kd6 48. Rc1 Kd7 49. g4 Nd2+ 50. Kf4 fxg4 51. Kxg4 Ne4 52. Rf1 Ke6 53.
Rf4 f5+ 54. Kf3 Kd5 55. Ke2 Kc4 56. Rf1 Ng3+ 57. Kf2 Nxf1 58. Kxf1 b5 59. Kf2
Kd5 60. Kf3 h6 61. Kf4 Ke6 62. Kf3 Kd5 63. Kf4 Ke6 64. Kf3 g5 65. hxg5 hxg5 66.
Kg3 Kd5 67. Kf3 Ke6 68. Kg3 a6 69. Kf3 Kd5 70. Kf2 Ke4 71. Kg3 1/2-1/2

[Event "Online Olym Div4 B 2020"]
[Site "chess.com INT"]
[Date "2020.07.31"]
[Round "3.1"]
[Board "4"]
[White "Tsuses, Patience"]
[Black "Shimwa, Marie Faustine"]
[Result "1-0"]
[WhiteElo "1031"]
[BlackElo "1397"]
[WhiteTeam "Namibia"]
[BlackTeam "Rwanda"]
[WhiteFideId "15200876"]
[BlackFideId "16000188"]
[EventDate "2020.07.31"]
[EventType "team"]

1. e4 e5 2. Nf3 Nc6 3. Bb5 Bc5 4. O-O Nge7 5. Nc3 O-O 6. d3 d6 7. Be3 Nd4 8. Bc4
Bg4 9. Bxd4 Bxd4 10. h3 Bxf3 11. Qxf3 c6 12. Rab1 Bxc3 13. bxc3 d5 14. Bb3 b5
15. Rfe1 Kh8 16. exd5 cxd5 17. Rxe5 d4 18. cxd4 Ng6 19. Rxb5 Qxd4 20. Bc4 Rae8
21. Rb7 Nh4 22. Qg4 Qxg4 23. hxg4 Re2 24. Rxa7 h6 25. Rxf7 Rfe8 26. Kf1 Rxc2 27.
Re1 Rxe1+ 28. Kxe1 Nxg2+ 29. Kf1 Nh4 30. a4 Ng6 31. a5 Ne5 32. Rc7 Nxd3 33. a6
Rxf2+ 34. Kg1 Rc2 35. a7 Rc1+ 36. Kg2 Nf4+ 37. Kg3 Ne2+ 38. Bxe2 Rxc7 39. a8=Q+
Kh7 40. Qb8 Re7 41. Bd3+ g6 42. Qb1 Rg7 43. Kh4 Rc7 44. Bxg6+ Kg7 45. Bc2 Re7
46. Qb2+ Kf8 47. Qb8+ Re8 48. Qf4+ Kg7 49. Bb3 Re7 50. Bd5 Kh7 51. Kh5 Kg7 52.
Qxh6# 1-0

[Event "Online Olym Div4 B 2020"]
[Site "chess.com INT"]
[Date "2020.07.31"]
[Round "3.1"]
[Board "5"]
[White "Murara Urwintwari, Ian"]
[Black "Ndahangwapo, Heskiel"]
[Result "1-0"]
[WhiteElo "1680"]
[BlackElo "1883"]
[WhiteTeam "Rwanda"]
[BlackTeam "Namibia"]
[WhiteFideId "16000145"]
[BlackFideId "15202020"]
[EventDate "2020.07.31"]
[EventType "team"]

1. c4 Nf6 2. Nc3 g6 3. g3 Bg7 4. Bg2 O-O 5. e4 c6 6. Nge2 e5 7. d3 d6 8. O-O Be6
9. h3 Qd7 10. Kh2 a5 11. Be3 Na6 12. f4 Bg4 13. f5 gxf5 14. exf5 Bxf5 15. Qd2
Bg6 16. Bh6 Nb4 17. Bxg7 Kxg7 18. Qg5 Qe6 19. Rf3 Nd7 20. Raf1 f6 21. Qh4 d5 22.
cxd5 cxd5 23. a3 Nxd3 24. Nxd5 e4 25. Ndf4 Qd6 26. Re3 Nxf4 27. Nxf4 Rae8 28.
Nxg6 hxg6 29. Rxe4 Rxe4 30. Qxe4 Ne5 31. Qxb7+ 1-0

[Event "Online Olym Div4 B 2020"]
[Site "chess.com INT"]
[Date "2020.07.31"]
[Round "3.2"]
[Board "1"]
[White "Nezad, Husein Aziz"]
[Black "Hussain, Hashem"]
[Result "1-0"]
[WhiteTitle "IM"]
[WhiteElo "2386"]
[BlackElo "1702"]
[WhiteTeam "Qatar"]
[BlackTeam "Kuwait"]
[WhiteFideId "12100293"]
[BlackFideId "10300716"]
[EventDate "2020.07.31"]
[EventType "team"]

1. Nf3 c5 2. e4 g6 3. d4 cxd4 4. Qxd4 Nf6 5. Bb5 Nc6 6. Bxc6 bxc6 7. e5 Nd5 8.
c4 Nb4 9. Qc3 Na6 10. O-O Bg7 11. Bg5 O-O 12. Nbd2 Nc5 13. Qe3 Ne6 14. Bh6 Qb6
15. Qxb6 axb6 16. Bxg7 Kxg7 17. Ne4 Ba6 18. b3 b5 19. c5 b4 20. Rfd1 Ra7 21. Nd4
Nxd4 22. Rxd4 Rb7 23. Rad1 Rd8 24. R1d2 Kf8 25. f4 Ke8 26. Nf2 Rb5 27. Ne4 Rb7
28. g4 Ra8 29. f5 Raa7 30. f6 Rb5 31. g5 Bc8 32. fxe7 Kxe7 33. Nd6 Rb8 34. Rf2
Ke6 35. Nxf7 Rba8 36. Nd6 Kxe5 37. Rff4 1-0

[Event "Online Olym Div4 B 2020"]
[Site "chess.com INT"]
[Date "2020.07.31"]
[Round "3.2"]
[Board "3"]
[White "Al-Khelaifi, Kholoud"]
[Black "Alawadhi, Amenah"]
[Result "1/2-1/2"]
[WhiteTitle "WCM"]
[BlackTitle "WCM"]
[WhiteElo "1507"]
[BlackElo "1327"]
[WhiteTeam "Qatar"]
[BlackTeam "Kuwait"]
[WhiteFideId "12100145"]
[BlackFideId "10301100"]
[EventDate "2020.07.31"]
[EventType "team"]

1. d4 d5 2. e3 e6 3. f4 Nh6 4. Nf3 Be7 5. Bd3 c5 6. c3 Nd7 7. O-O Ng4 8. Ne5
Ngf6 9. Nd2 O-O 10. Qe1 a5 11. a4 Qc7 12. Ndf3 b6 13. Bd2 Ba6 14. Bxa6 Rxa6 15.
Qe2 Raa8 16. Be1 Ne4 17. Bh4 Bxh4 18. Nxh4 Ndf6 19. Nhf3 h6 20. Rab1 Rfd8 21.
Rfc1 Qd6 22. Qb5 c4 23. Qc6 Qxc6 24. Nxc6 Rd6 25. Nce5 g5 26. fxg5 Nxg5 27. Nxg5
hxg5 28. Rf1 Kg7 29. Rbe1 Rf8 30. Re2 Ne4 31. h3 Ng3 32. Ref2 Nxf1 33. Rxf1 f5
34. Nf3 Kh6 35. Ne5 Kg7 36. Nf3 g4 37. Ne5 gxh3 38. gxh3 Kf6 39. Kh2 Rg8 40. Rf2
Ke7 41. Re2 Rg7 42. Rf2 Rg8 43. Rf3 Rg7 1/2-1/2

[Event "Online Olym Div4 B 2020"]
[Site "chess.com INT"]
[Date "2020.07.31"]
[Round "3.2"]
[Board "4"]
[White "Almutawaa, Salma"]
[Black "Rawda Mansour AlQassabi"]
[Result "0-1"]
[WhiteElo "1009"]
[BlackElo "1049"]
[WhiteTeam "Kuwait"]
[BlackTeam "Qatar"]
[WhiteFideId "10302867"]
[BlackFideId "12102040"]
[EventDate "2020.07.31"]
[EventType "team"]

1. e4 d5 2. exd5 Qxd5 3. Nc3 Qd6 4. Nf3 Nf6 5. Be2 g6 6. d3 Bg7 7. O-O a6 8. Be3
O-O 9. Qd2 Nc6 10. Rad1 Bg4 11. h3 Bxf3 12. Bxf3 e6 13. Rfe1 Rad8 14. Bf4 Qd7
15. Bxc6 Qxc6 16. Bh6 Rfe8 17. Bxg7 Kxg7 18. Re3 Qb6 19. b3 Qd4 20. Ne2 Qd6 21.
Rg3 Nh5 22. Rg5 Nf6 23. Nf4 Kh8 24. Qc3 Qxf4 25. Qxf6+ Qxf6 0-1

[Event "Online Olym Div4 B 2020"]
[Site "chess.com INT"]
[Date "2020.07.31"]
[Round "3.2"]
[Board "5"]
[White "Abdulla Mohammed Al-Homaid"]
[Black "Alothman, Salem"]
[Result "0-1"]
[WhiteElo "1301"]
[BlackElo "1558"]
[WhiteTeam "Qatar"]
[BlackTeam "Kuwait"]
[WhiteFideId "12102016"]
[BlackFideId "10301186"]
[EventDate "2020.07.31"]
[EventType "team"]

1. e4 e5 2. Nf3 Nc6 3. Bc4 Nf6 4. d3 Bc5 5. c3 d6 6. Bb3 a6 7. O-O h6 8. Nbd2
Ne7 9. h3 O-O 10. Re1 Ng6 11. Nf1 Nh5 12. d4 Ba7 13. Ng3 Nxg3 14. fxg3 exd4 15.
cxd4 Be6 16. Kh2 d5 17. e5 Bf5 18. Rf1 f6 19. Ng1 fxe5 20. dxe5 c6 21. Bf4 Qe7
22. Nf3 Be4 23. Qe2 Kh8 24. Nd2 Bf5 25. Rf3 Rae8 26. Re1 Bd4 27. Nf1 Bxe5 28.
Bxe5 Qxe5 29. Qxe5 Rxe5 30. Rxe5 Nxe5 31. Rf2 Kg8 32. Bc2 Bxc2 0-1

[Event "Online Olym Div4 B 2020"]
[Site "chess.com INT"]
[Date "2020.07.31"]
[Round "3.3"]
[Board "1"]
[White "Kimera, Innocent"]
[Black "Eiti, Bashir"]
[Result "0-1"]
[BlackTitle "IM"]
[WhiteElo "1857"]
[BlackElo "2341"]
[WhiteTeam "Uganda"]
[BlackTeam "Syria"]
[WhiteFideId "10000631"]
[BlackFideId "7601875"]
[EventDate "2020.07.31"]
[EventType "team"]

1. d4 Nf6 2. Nf3 b5 3. c3 Bb7 4. Bf4 e6 5. e3 b4 6. Be2 a5 7. Bg5 Be7 8. O-O O-O
9. Nbd2 bxc3 10. bxc3 c5 11. Bxf6 Bxf6 12. e4 Nc6 13. e5 Be7 14. a3 f6 15. Rb1
Qc7 16. exf6 gxf6 17. dxc5 Bxc5 18. Ne4 Be7 19. Ng3 Kh8 20. Qc1 Rf7 21. Qh6 Rg8
22. Bd3 Ne5 23. Nxe5 fxe5 24. Qh5 Rfg7 25. c4 e4 26. Rxb7 Qxb7 27. Bxe4 Qc7 28.
Rd1 Bxa3 29. Qe2 Qe5 30. Qd3 Bc5 31. Bf3 a4 32. Ne4 Be7 33. Ng3 a3 34. Qb3 Bc5
35. Ne4 Rxg2+ 36. Bxg2 Qxe4 37. Qc3+ e5 38. Qh3 a2 39. Kh1 Qb1 40. Qxd7 a1=Q 41.
Bf3 Bxf2 42. h3 Qxd1+ 43. Bxd1 e4 44. Qd6 e3 45. c5 e2 46. Kh2 exd1=Q 0-1

[Event "Online Olym Div4 B 2020"]
[Site "chess.com INT"]
[Date "2020.07.31"]
[Round "3.3"]
[Board "2"]
[White "Chekh Adm Khedr, Aram"]
[Black "Wagodo, Abdul Shakuru"]
[Result "1-0"]
[WhiteElo "2074"]
[BlackElo "1895"]
[WhiteTeam "Syria"]
[BlackTeam "Uganda"]
[WhiteFideId "7601948"]
[BlackFideId "10003673"]
[EventDate "2020.07.31"]
[EventType "team"]

1. e4 c5 2. Nf3 a6 3. Nc3 Nc6 4. g3 e5 5. Bg2 f5 6. d3 d6 7. O-O Nf6 8. Nh4 fxe4
9. Nxe4 Be6 10. Ng5 Qd7 11. Nxe6 Qxe6 12. f4 Be7 13. f5 Qf7 14. Nf3 h6 15. Nh4
O-O 16. Ng6 Rfe8 17. g4 Rad8 18. g5 hxg5 19. Bxg5 Nh7 20. c4 d5 21. Bxe7 Nxe7
22. Qh5 dxc4 23. dxc4 Qxc4 24. Rf3 Qd4+ 25. Kh1 Nf6 26. Qh3 Qg4 27. Qh8+ 1-0

[Event "Online Olym Div4 B 2020"]
[Site "chess.com INT"]
[Date "2020.07.31"]
[Round "3.3"]
[Board "3"]
[White "Ampaire, Shakira"]
[Black "Mahmoud, Roula"]
[Result "1-0"]
[WhiteTitle "WCM"]
[BlackTitle "WFM"]
[WhiteElo "1673"]
[BlackElo "1771"]
[WhiteTeam "Uganda"]
[BlackTeam "Syria"]
[WhiteFideId "10002782"]
[BlackFideId "7601263"]
[EventDate "2020.07.31"]
[EventType "team"]

1. e4 c5 2. Nf3 e6 3. c4 Nc6 4. Nc3 a6 5. d3 Qc7 6. g3 Nf6 7. Bg2 Be7 8. O-O O-O
9. Bf4 d6 10. b3 Bd7 11. Qc2 Nd4 12. Nxd4 cxd4 13. Ne2 e5 14. Bg5 h6 15. Bxf6
Bxf6 16. f4 b5 17. Rac1 bxc4 18. Qxc4 Qa5 19. Qc2 Rac8 20. Qb2 Bb5 21. Rfd1 Rxc1
22. Nxc1 Qc3 23. Qd2 Rc8 24. Ne2 Qxd2 25. Rxd2 Bd8 26. Kf2 Ba5 27. Rd1 Rc2 28.
a4 Bd7 29. Rb1 Bd2 30. f5 Be3+ 31. Ke1 g6 32. g4 h5 33. h3 gxf5 34. gxf5 d5 35.
h4 dxe4 36. Bxe4 Kg7 37. Kd1 Rd2+ 38. Ke1 Kf6 39. Ng3 Kg7 40. Nxh5+ Kf8 41. Ng3
Rh2 42. Nf1 Rxh4 43. Nxe3 dxe3 44. Ke2 Rf4 45. Rf1 Ke7 46. Rf3 Rxf3 47. Kxf3 Kf6
48. Kxe3 Bxf5 49. a5 Be6 50. b4 Kg5 51. Bb7 f5 52. Bxa6 f4+ 53. Kf2 Kg4 54. Bb7
Bb3 55. a6 Bc2 56. Be4 Ba4 57. a7 Bd7 58. a8=Q Kg5 59. Qg8+ Kf6 60. Qf8+ Kg5 61.
Qe7+ Kh5 62. Qxd7 f3 63. Qg7 Kh4 64. Kxf3 Kh5 65. Qg6+ Kh4 66. Qh6# 1-0

[Event "Online Olym Div4 B 2020"]
[Site "chess.com INT"]
[Date "2020.07.31"]
[Round "3.3"]
[Board "4"]
[White "Yazji, Mada"]
[Black "Namaganda, Christine"]
[Result "1-0"]
[BlackTitle "WFM"]
[WhiteElo "1704"]
[BlackElo "1661"]
[WhiteTeam "Syria"]
[BlackTeam "Uganda"]
[WhiteFideId "7602065"]
[BlackFideId "10000445"]
[EventDate "2020.07.31"]
[EventType "team"]

1. e4 d6 2. d4 Nf6 3. Nc3 g6 4. Nf3 Bg4 5. Be2 Bg7 6. O-O O-O 7. h3 Bxf3 8. Bxf3
c6 9. Qe2 Nbd7 10. e5 dxe5 11. dxe5 Nd5 12. Nxd5 e6 13. Nf6+ Nxf6 14. exf6 Qxf6
15. c3 Rfd8 16. Be3 Qe7 17. Rfd1 a6 18. Rxd8+ Rxd8 19. Qc4 Qc7 20. a4 Be5 21. a5
Qe7 22. Re1 Bb8 23. g3 Qf6 24. Kg2 Qf5 25. Be4 Qxa5 26. h4 Rd7 27. b4 Qd8 28.
Bg5 Qe8 29. Qe2 Bc7 30. Rd1 a5 31. bxa5 Bxa5 32. Bf6 Rc7 33. Rd8 Kf8 34. Rxe8+
Kxe8 35. Qa2 b6 36. Qa4 Kd7 37. Qd4+ Kc8 38. Qd8+ Kb7 39. Be5 1-0

[Event "Online Olym Div4 B 2020"]
[Site "chess.com INT"]
[Date "2020.07.31"]
[Round "3.3"]
[Board "5"]
[White "Ssenkoole Laurrice Talemwa"]
[Black "Koniahli, Malek."]
[Result "0-1"]
[BlackTitle "FM"]
[WhiteElo "1480"]
[BlackElo "2261"]
[WhiteTeam "Uganda"]
[BlackTeam "Syria"]
[WhiteFideId "10010122"]
[BlackFideId "7603495"]
[EventDate "2020.07.31"]
[EventType "team"]

1. d4 Nf6 2. Nf3 e6 3. g3 c5 4. c3 Nc6 5. Bg2 Be7 6. O-O O-O 7. Re1 d5 8. Bf4
Qb6 9. Qb3 Qxb3 10. axb3 cxd4 11. Nxd4 Nxd4 12. cxd4 Bd7 13. Nc3 Rfc8 14. Rec1
h6 15. Na4 Bxa4 16. bxa4 Kf8 17. Rxc8+ Rxc8 18. Rc1 Rxc1+ 19. Bxc1 Ke8 20. e3
Bb4 21. Bf1 Kd7 22. Bb5+ Kc7 23. Kf1 Kb6 24. f3 Ka5 25. b3 a6 26. Bd3 Bc3 27.
Ba3 Bb4 28. Bb2 h5 29. h4 g6 30. Ke2 Bd6 31. Bc3+ Kb6 32. Kf2 Kc7 33. e4 dxe4
34. fxe4 e5 35. d5 Bc5+ 36. Kf3 Kd6 37. b4 Bd4 38. Bd2 Ng8 39. b5 axb5 40. Bxb5
Nf6 41. Bb4+ Bc5 42. Bd2 Bd4 43. Bh6 Nd7 44. g4 hxg4+ 45. Kxg4 Bc3 46. Bxd7 Kxd7
47. Kg5 Bd2+ 48. Kf6 Bxh6 49. Kxf7 g5 50. hxg5 Bxg5 51. Kg6 Be7 52. Kf5 Kd6 53.
Kg6 Bh4 54. Kf7 Kc5 55. Ke6 Kd4 56. d6 Kxe4 57. d7 Kd4 58. Kd6 e4 59. Kc7 e3 60.
Kxb7 e2 61. a5 e1=Q 62. a6 Qb4+ 63. Ka8 Qb6 64. a7 Qd8+ 65. Kb7 Qxd7+ 66. Ka8
Qc8# 0-1

[Event "Online Olym Div4 B 2020"]
[Site "chess.com INT"]
[Date "2020.07.31"]
[Round "3.3"]
[Board "6"]
[White "Khalil, Manar"]
[Black "Nansubuga, Gloria"]
[Result "1-0"]
[BlackTitle "WFM"]
[WhiteElo "1793"]
[BlackElo "1513"]
[WhiteTeam "Syria"]
[BlackTeam "Uganda"]
[WhiteFideId "7604661"]
[BlackFideId "10000887"]
[EventDate "2020.07.31"]
[EventType "team"]

1. e4 e5 2. Nf3 d6 3. d4 Bg4 4. dxe5 Bxf3 5. Qxf3 dxe5 6. Bc4 Nf6 7. O-O Nc6 8.
Nc3 Bd6 9. Bg5 Nd4 10. Qd3 h6 11. Bh4 g5 12. Bg3 h5 13. h4 g4 14. Nd5 c6 15. Ne3
Qb6 16. c3 Nb5 17. a4 O-O-O 18. axb5 cxb5 19. Bxb5 Bc5 20. Qc4 Nxe4 21. Qxe4
Qxb5 22. Qxe5 Rhe8 23. Qc7# 1-0

[Event "Online Olym Div4 B 2020"]
[Site "chess.com INT"]
[Date "2020.07.31"]
[Round "3.4"]
[Board "1"]
[White "Borg, Geoffrey"]
[Black "Michaelides, Konstantinos"]
[Result "1-0"]
[WhiteTitle "FM"]
[BlackTitle "CM"]
[WhiteElo "2367"]
[BlackElo "2260"]
[WhiteTeam "Malta"]
[BlackTeam "Cyprus"]
[WhiteFideId "5600014"]
[BlackFideId "5901871"]
[EventDate "2020.07.31"]
[EventType "team"]

1. d4 Nf6 2. c4 e6 3. g3 Bb4+ 4. Nc3 O-O 5. Bg2 d6 6. Qb3 Nc6 7. Nf3 Bxc3+ 8.
Qxc3 e5 9. dxe5 Nxe5 10. Nxe5 dxe5 11. Qxe5 Re8 12. Qc3 Bg4 13. O-O Bxe2 14. Re1
Qc8 15. Be3 Bg4 16. Bd4 Qf5 17. Bxf6 Qxf6 18. Qxf6 gxf6 19. h3 Be6 20. Bxb7 Rab8
21. Bc6 Red8 22. b3 Rd2 23. Red1 Rbd8 24. Rxd2 Rxd2 25. h4 Kf8 26. Bb5 c5 27. a3
a5 28. b4 cxb4 29. axb4 axb4 30. Rb1 Ke7 31. Rxb4 Kd6 32. Rb1 Kc5 33. Ra1 f5 34.
Ra7 f4 35. gxf4 Rd4 36. f5 Rg4+ 37. Kh2 Bxf5 38. Rxf7 Bg6 39. Rc7+ Kb6 40. Rc6+
Kb7 41. Rf6 Rxh4+ 42. Kg3 Rd4 43. c5 Kc7 44. Rc6+ Kb7 45. Rd6 Rb4 46. Bd7 Rc4
47. c6+ Kc7 48. Rd2 Be4 49. Re2 Bxc6 50. Bxc6 Kxc6 51. Re7 h5 52. Re5 Rc5 53.
Rxc5+ Kxc5 54. Kh4 Kd4 55. Kxh5 Ke4 56. Kg4 Ke5 57. Kg5 Ke4 58. f4 Kd5 59. f5
Kd6 60. Kg6 Ke7 61. Kg7 1-0

[Event "Online Olym Div4 B 2020"]
[Site "chess.com INT"]
[Date "2020.07.31"]
[Round "3.4"]
[Board "2"]
[White "Damianou, Ioannis"]
[Black "Fleri, Matthew"]
[Result "0-1"]
[WhiteTitle "CM"]
[WhiteElo "2202"]
[BlackElo "1838"]
[WhiteTeam "Cyprus"]
[BlackTeam "Malta"]
[WhiteFideId "5902355"]
[BlackFideId "5602165"]
[EventDate "2020.07.31"]
[EventType "team"]

1. Nf3 d5 2. g3 Nf6 3. Bg2 e6 4. O-O Be7 5. d3 O-O 6. Nbd2 c5 7. c3 Nc6 8. e4 b5
9. Qe2 Bb7 10. Rd1 Qb6 11. b3 a5 12. a4 b4 13. c4 dxe4 14. dxe4 Ng4 15. h3 Bf6
16. Rb1 Nge5 17. Bb2 Nxf3+ 18. Nxf3 Bxb2 19. Rxb2 Rfd8 20. Rbd2 Rxd2 21. Rxd2
Rd8 22. Qd1 Rxd2 23. Qxd2 Nd4 24. Nxd4 cxd4 25. e5 Bxg2 26. Kxg2 Qc5 27. f4 Qc6+
28. Kf2 Qe4 29. c5 h6 30. Qe2 Qd5 31. Qc4 Qxc4 32. bxc4 Kf8 33. Ke2 Ke7 34. c6
Kd8 35. Kd3 Kc7 36. Kxd4 Kxc6 37. g4 g6 38. h4 h5 39. g5 Kb6 40. c5+ Kc7 41. Kd3
Kd7 42. Kd4 b3 43. Kc3 b2 0-1

[Event "Online Olym Div4 B 2020"]
[Site "chess.com INT"]
[Date "2020.07.31"]
[Round "3.4"]
[Board "3"]
[White "Caruana Pulpan, Oana"]
[Black "Ioannides Liu, Lian"]
[Result "1-0"]
[WhiteTitle "WFM"]
[WhiteElo "1901"]
[BlackElo "1270"]
[WhiteTeam "Malta"]
[BlackTeam "Cyprus"]
[WhiteFideId "5600502"]
[BlackFideId "5904366"]
[EventDate "2020.07.31"]
[EventType "team"]

1. d4 f5 2. c4 e6 3. g3 c6 4. Nf3 Nf6 5. Bg2 d5 6. O-O h6 7. Ne5 Nbd7 8. Ng6 b6
9. Nxh8 g5 10. Ng6 Bg7 11. Ne5 Nxe5 12. dxe5 Ng4 13. cxd5 cxd5 14. f4 Qe7 15. h3
Nxe5 16. fxe5 Bxe5 17. Qe1 Qc5+ 18. e3 Ba6 19. Nc3 Bxf1 20. Bxf1 b5 21. Bxb5+
Kf7 22. Kh2 Bxc3 23. Qxc3 Qxb5 24. Qe1 Qc4 25. Bd2 Qc2 26. b4 Qb2 27. Qc1 Qxc1
28. Rxc1 Rb8 29. Rc7+ Kg6 30. Bc3 Ra8 31. g4 f4 32. Rg7# 1-0

[Event "Online Olym Div4 B 2020"]
[Site "chess.com INT"]
[Date "2020.07.31"]
[Round "3.4"]
[Board "4"]
[White "Ioannides Liu, Alice"]
[Black "Farrugia, Jamie"]
[Result "0-1"]
[BlackTitle "WFM"]
[WhiteElo "1287"]
[BlackElo "1604"]
[WhiteTeam "Cyprus"]
[BlackTeam "Malta"]
[WhiteFideId "5904374"]
[BlackFideId "5600898"]
[EventDate "2020.07.31"]
[EventType "team"]

1. e4 e5 2. Nf3 Nc6 3. Bc4 Bc5 4. c3 Nf6 5. O-O O-O 6. Re1 d6 7. h3 Be6 8. Bb3
Re8 9. d4 exd4 10. cxd4 Bb4 11. Bd2 d5 12. e5 Ne4 13. Bxb4 Nxb4 14. Nc3 Bf5 15.
Bc2 Nxc3 16. bxc3 Nxc2 17. Qd2 Nxa1 18. Rxa1 f6 19. Qf4 Qd7 20. g4 Be4 21. exf6
Qf7 22. g5 Rf8 23. Ne5 Qh5 24. h4 Rad8 25. f3 Bg6 26. Nxg6 Qxg6 27. Qxc7 gxf6
28. Qxb7 Rf7 29. Qb1 fxg5 30. Qxg6+ hxg6 31. hxg5 Rxf3 32. Kg2 Rxc3 33. Rf1 Rc2+
34. Rf2 Rxf2+ 35. Kxf2 Rb8 36. Ke3 Rb2 37. a3 Rb3+ 38. Kf4 Rxa3 39. Ke5 Kg7 40.
Kxd5 Rd3 41. Ke4 Rd1 42. d5 a5 43. Ke5 a4 44. d6 a3 45. Ke6 a2 46. d7 a1=Q 47.
Ke7 Rxd7+ 48. Kxd7 Qe1 49. Kd6 Kf7 50. Kd7 Qd2+ 51. Kc6 Ke7 52. Kb6 Qc3 53. Kb5
Kd6 54. Kb6 Qb3+ 55. Ka7 Kc6 56. Ka8 Qb7# 0-1

[Event "Online Olym Div4 B 2020"]
[Site "chess.com INT"]
[Date "2020.07.31"]
[Round "3.4"]
[Board "5"]
[White "Mizzi, Jack"]
[Black "Rousis, Chrysostomos"]
[Result "0-1"]
[WhiteElo "1911"]
[BlackElo "1692"]
[WhiteTeam "Malta"]
[BlackTeam "Cyprus"]
[WhiteFideId "5602521"]
[BlackFideId "5902860"]
[EventDate "2020.07.31"]
[EventType "team"]

1. d4 Nf6 2. c4 e6 3. g3 Bb4+ 4. Bd2 Qe7 5. Bg2 Bxd2+ 6. Nxd2 d6 7. Ngf3 O-O 8.
O-O Nbd7 9. Qc2 Re8 10. e4 e5 11. d5 Nf8 12. h3 Ng6 13. Rac1 Rf8 14. b4 Bd7 15.
c5 Rac8 16. Qd3 Nh5 17. Qa3 a6 18. Nc4 Bb5 19. Nfd2 Rce8 20. Rfe1 Rd8 21. Na5
dxc5 22. Rxc5 b6 23. Nc6 Bxc6 24. Rxc6 a5 25. Rb1 Ra8 26. Qf3 Nf6 27. b5 Rfc8
28. h4 Qd7 29. Rbc1 Ne7 30. Rxf6 gxf6 31. Qxf6 Qd6 32. Qg5+ Kf8 33. Nc4 Qg6 34.
Nxe5 Qxg5 35. hxg5 Ng6 36. Nxg6+ hxg6 37. Bh3 Re8 38. f3 Re7 39. Kf2 Kg7 40. Bg2
a4 41. f4 Ra5 42. e5 Rxb5 43. d6 cxd6 44. exd6 Rd7 45. Rd1 Rb2+ 46. Kg1 Rxa2 47.
Bc6 Rd8 48. d7 Re2 49. Bxa4 f6 50. gxf6+ Kxf6 51. Rd6+ Re6 52. Rd5 Ke7 53. Kf2
Rd6 54. Rf5 gxf5 0-1

[Event "Online Olym Div4 B 2020"]
[Site "chess.com INT"]
[Date "2020.07.31"]
[Round "3.5"]
[Board "1"]
[White "Yousuf Azeem Makhdoomi"]
[Black "Paiva, Donaldo"]
[Result "0-1"]
[BlackTitle "CM"]
[WhiteElo "1790"]
[BlackElo "2230"]
[WhiteTeam "Pakistan"]
[BlackTeam "Mozambique"]
[WhiteFideId "7801254"]
[BlackFideId "14800098"]
[EventDate "2020.07.31"]
[EventType "team"]

1. d4 Nf6 2. Nf3 g6 3. Bf4 Bg7 4. h3 O-O 5. e3 c5 6. c3 d6 7. Bd3 Nc6 8. O-O Be6
9. Bc2 Qb6 10. Qc1 Rac8 11. a3 Na5 12. Nbd2 Rfd8 13. Rb1 Nd5 14. Bg3 cxd4 15.
exd4 Bh6 16. Bd3 Nf4 17. Bxf4 Bxf4 18. Qc2 Qc6 19. Rfe1 b5 20. Re4 Bh6 21. Rxe6
fxe6 22. Bxg6 Kg7 23. Bxh7 Qe8 24. Ne4 Qh5 25. h4 Rf8 26. Neg5 Bxg5 27. Nxg5 Rf6
28. Re1 Kh8 29. g3 Rcf8 30. Re2 Nb7 31. Bd3 Rg8 32. Bxb5 Rh6 33. Qd2 Nd8 34. Re4
Rf6 35. Qe2 Qg6 36. Bd3 Qh6 37. b4 Rgf8 38. f4 Kg8 39. c4 Qg7 40. c5 dxc5 41.
dxc5 Nc6 42. Rxe6 Nd4 43. Qg4 Nxe6 44. Bc4 Kh8 45. Bxe6 Rh6 46. c6 Qa1+ 47. Kh2
Qb2+ 48. Kh3 Qc1 49. Bd5 e6 50. Nxe6 Rg8 51. Qf5 Rxg3+ 52. Kxg3 Qe1+ 53. Kf3
Qf1+ 54. Ke4 Qg2+ 55. Ke5 Qg8 56. Qf8 Rxe6+ 57. Bxe6 Qxf8 58. c7 Qg7+ 59. Kd5
Qxc7 0-1

[Event "Online Olym Div4 B 2020"]
[Site "chess.com INT"]
[Date "2020.07.31"]
[Round "3.5"]
[Board "6"]
[White "Efentakis, Theodora"]
[Black "Mehak, Gul"]
[Result "0-1"]
[WhiteElo "1147"]
[BlackElo "1533"]
[WhiteTeam "Mozambique"]
[BlackTeam "Pakistan"]
[WhiteFideId "14801078"]
[BlackFideId "7800908"]
[EventDate "2020.07.31"]
[EventType "team"]

1. e4 c5 2. Nf3 e6 3. Nc3 a6 4. a4 Qc7 5. d4 cxd4 6. Nxd4 Nc6 7. Be2 Nf6 8. Bg5
Be7 9. O-O h6 10. Bh4 Nxe4 11. Bxe7 Nxc3 12. bxc3 Nxe7 13. Re1 Qxc3 14. Nf3 O-O
15. Bd3 d5 16. Qe2 Bd7 17. Ne5 Rfd8 18. Qf3 f5 19. Ng4 Rac8 20. Ne5 Nc6 21. Nxd7
Rxd7 22. Qh5 Qf6 23. Rab1 Ne5 24. Qe2 Nxd3 25. cxd3 Re7 26. Qe3 e5 27. d4 f4 28.
Qe2 e4 29. Qg4 Rcc7 30. Qd1 e3 31. fxe3 fxe3 32. Re2 Re4 33. Qd3 Qxd4 34. Qxd4
Rxd4 35. Rxe3 Rxa4 36. Rd3 d4 37. Rbd1 Rcc4 38. Kf2 Ra2+ 39. Kf3 Rc3 40. h3 b5
41. g4 b4 42. Ke4 b3 43. Rxd4 Re2+ 44. Kd5 b2 45. Rb4 Rc1 46. Rdd4 b1=Q 47. Rxb1
Rxb1 48. Ra4 Rb5+ 49. Kc4 Re4+ 50. Kc3 Rxa4 51. Kd3 Rb3+ 52. Kc2 Rxh3 53. Kb2
Rxg4 54. Kc2 Rg2+ 55. Kd1 Rh1# 0-1